10 most popular songs from the artist given #2 - Statistics

General Stats
  • This quiz has been taken 8 times
  • The average score is 13 of 80
Answer Stats
Artist # of streams Song % Correct
Imagine Dragons 1,297,643,850 Radioactive
88%
Twenty one pilots 1,604,033,056 Stressed Out
88%
Imagine Dragons 2,002,377,916 Believer
75%
Imagine Dragons 1,674,702,992 Thunder
75%
Twenty one pilots 356,147,964 Chlorine
63%
Imagine Dragons 1,365,566,194 Demons
63%
Twenty one pilots 1,325,435,854 Heathens
63%
Twenty one pilots 1,248,911,537 Ride
63%
OneRepublic 1,487,131,900 Counting Stars
50%
Coldplay 1,084,360,048 Yellow
50%
Twenty one pilots 395,709,252 Car Radio
38%
Imagine Dragons 79,171,998 Enemy
38%
Imagine Dragons 435,577,889 Enemy (with JID)
38%
Twenty one pilots 294,171,238 Heavydirtysoul
38%
Imagine Dragons 823,552,626 Natural
38%
Coldplay 1,025,451,539 Viva La Vida
38%
Imagine Dragons 704,604,620 Bad Liar
25%
Twenty one pilots 113,304,018 Shy Away
25%
Twenty one pilots 379,739,547 Tear in My Heart
25%
Coldplay 1,232,741,197 The Scientist
25%
Logic 1,122,973,033 1-800-273-8255
13%
Coldplay 835,828,266 A Sky Full of Stars
13%
Dermot Kennedy 71,990,060 Better Days
13%
Falling in Reverse 46,595,724 Drugs
13%
Dermot Kennedy 180,962,871 Giants
13%
Logic 380,138,490 Homicide (ft. Eminem)
13%
Coldplay 838,203,971 Hymn for the Weekend
13%
Falling in Reverse 70,312,165 I'm Not a Vampire
13%
Twenty one pilots 198,448,677 Level of Concern
13%
Coldplay 467,915,798 My Universe
13%
Dermot Kennedy 257,454,255 Outnumbered
13%
Dermot Kennedy 38,737,813 Outnumbered - Acoustic
13%
Coldplay 723,549,531 Paradise
13%
Dermot Kennedy 490,301,771 Paradise
13%
Falling in Reverse 167,553,958 Popular Monster
13%
Dermot Kennedy 28,648,825 Power
13%
Dermot Kennedy 270,710,656 Power Over Me
13%
OneRepublic 475,743,472 Rescue Me
13%
Twenty one pilots 56,333,602 Saturday
13%
Coldplay 1,751,459,893 Something Just Like This
13%
Imagine Dragons 915,760,570 Sucker For Pain (with Lil Wayne, Wiz Khalifa, Ty Dolla Sign, Logic & X Ambassadors
13%
Falling in Reverse 141,522,031 The Drug in Me is You
13%
Imagine Dragons 827,546,041 Whatever it Takes
13%
Logic 245,580,430 44 More
0%
Dermot Kennedy 97,434,746 After Rain
0%
Falling in Reverse 39,598,330 Bad Girls Club
0%
Logic 128,290,963 Ballin
0%
The Score 99,488,626 Born For This
0%
Dermot Kennedy 37,474,652 Days Like This
0%
The Score 4,091,376 Enemies
0%
Logic 229,818,947 Everybody
0%
Logic 472,885,305 Everyday
0%
Falling in Reverse 64,065,172 Fashionably Late
0%
Coldplay 933,363,976 Fix You
0%
Logic 184,548,049 Flexicution
0%
Logic 124,123,877 Gang Related
0%
Falling in Reverse 78,214,436 Good Girls Bad Guys
0%
OneRepublic 268,883,267 Good Life
0%
The Score 11,553,948 Head Up
0%
The Score 55,287,546 Higher
0%
Logic 226,021,329 Keanu Reeves
0%
The Score 175,410,031 Legend
0%
OneRepublic 391,261,476 Lose Somebody
0%
The Score 35,568,484 On and On
0%
Logic 80,130,918 Perfect
0%
The Score 90,545,801 Revolution
0%
Dermot Kennedy 41,592,631 Rome
0%
OneRepublic 259,424,185 Run
0%
OneRepublic 422,390,690 Secrets
0%
Falling in Reverse 40,945,180 Sexy Drug
0%
OneRepublic 66,543,170 Someday
0%
Coldplay 226,712,000 Sparks
0%
The Score 105,822,089 Stronger
0%
OneRepublic 51,008,163 Sunshine
0%
Falling in Reverse 32,429,303 The Drug in Me is Reimagined
0%
The Score 44,166,107 The Fear
0%
The Score 185,874,070 Unstoppable
0%
OneRepublic 3,459,450 West Coast
0%
OneRepublic 364,429,852 Wherever I Go
0%
Falling in Reverse 13,462,889 Zombified
0%
No matching quizzes found
Score Distribution
Percent of People with Each Score
Percentile by Number Answered
Your Score History
You have not taken this quiz